Unified threat management system for MCS / (Record no. 615824)
[ view plain ]
| 000 -LEADER | |
|---|---|
| fixed length control field | 00825nam a22001697a 4500 |
| 003 - CONTROL NUMBER IDENTIFIER | |
| control field | NUST |
| 082 ## - DEWEY DECIMAL CLASSIFICATION NUMBER | |
| Classification number | 621.382,YOU |
| 100 ## - MAIN ENTRY--PERSONAL NAME | |
| Personal name | Yousaf, Adnan |
| 9 (RLIN) | 29503 |
| 245 ## - TITLE STATEMENT | |
| Title | Unified threat management system for MCS / |
| Statement of responsibility, etc. | Adnan Yousaf, Salman Ahmed Saleem and Sibghat ullah |
| 260 ## - PUBLICATION, DISTRIBUTION, ETC. | |
| Place of publication, distribution, etc. | Rawalpindi |
| Name of publisher, distributor, etc. | MCS (NUST) |
| Date of publication, distribution, etc. | June 2016 |
| 300 ## - PHYSICAL DESCRIPTION | |
| Extent | v,27 p.; |
| 505 ## - FORMATTED CONTENTS NOTE | |
| Formatted contents note | Introduction (Page-1), Design Justification (Page-5), Code Assembly and Compilation (Page-6), Design and Technical Review (Page-11), Challenges Faced (Page-13), Hardware Part (Page-14), VPN (Page-18), Application (Page-22), Previous work done industry (Page-23), Sequence of events (Page-24), Conclusion (Page-26), References (Page-27). |
| 650 ## - SUBJECT ADDED ENTRY--TOPICAL TERM | |
| Topical term or geographic name entry element | UG Projects |
| 9 (RLIN) | 98716 |
| 651 ## - SUBJECT ADDED ENTRY--GEOGRAPHIC NAME | |
| Geographic name | TE-49 |
| 9 (RLIN) | 131595 |
| 700 ## - ADDED ENTRY--PERSONAL NAME | |
| Personal name | Supervised by Muhammad Mubashir |
| 9 (RLIN) | 132776 |
| 942 ## - ADDED ENTRY ELEMENTS (KOHA) | |
| Source of classification or shelving scheme | |
| Koha item type | Project Report |
| Withdrawn status | Lost status | Source of classification or shelving scheme | Damaged status | Not for loan | Permanent Location | Current Location | Shelving location | Date acquired | Total Checkouts | Full call number | Barcode | Date last seen | Price effective from | Koha item type | Public note |
|---|---|---|---|---|---|---|---|---|---|---|---|---|---|---|---|
| Military College of Signals (MCS) | Military College of Signals (MCS) | Reference | 01/16/2026 | 621.382,YOU | MCSPTE-260 | 01/16/2026 | 01/16/2026 | Project Report | Almirah No.90, Shelf No.4 |
